| 000 | 00392nam a2200121Ia 4500 | ||
|---|---|---|---|
| 008 | 171212s9999 xx 000 0 und d | ||
| 020 | _a9789532227505 | ||
| 100 | _aFreeman, Derek | ||
| 245 |
_cFreeman, Derek _aDilthey’s Dream (Croatian version) _bEssays on human nature and culture |
||
| 260 |
_bANU E Press _c2016 |
||
| 650 | _aAnthropology | ||
| 856 | _uhttp://jstor.org/stable/j.ctt1rrd7pt | ||
| 999 |
_c351080 _d351080 |
||